Bankopoisťovníctvo v minulosti a dnes

Definícia a determinácia bankopoisťovníctva. Príčiny vstupu bánk do bankopoisťovníctva. Príčiny vstupu poisťovne do bankopoisťovníctva. Klienti. Orgány dohľadu pri bankopoisťovníctve. Modely bankopoisťovní vo Veľkej Británii.

Gespeichert in:
Bibliographische Detailangaben
1. Verfasser: Korauš, Antonín
Format: Buchkapitel
Sprache:Slowakisch
Schlagworte:
Tags: Tag hinzufügen
Keine Tags, Fügen Sie das erste Tag hinzu!

MARC

LEADER 00000naa$a2200000$$$4500
001 0019651
005 20230825102827.9
041 0 |a slo 
044 |a SK 
245 1 0 |a Bankopoisťovníctvo v minulosti a dnes  |c Anton Korauš 
520 |a Definícia a determinácia bankopoisťovníctva. Príčiny vstupu bánk do bankopoisťovníctva. Príčiny vstupu poisťovne do bankopoisťovníctva. Klienti. Orgány dohľadu pri bankopoisťovníctve. Modely bankopoisťovní vo Veľkej Británii. 
610 2 0 |a bankopoisťovne 
610 2 0 |a definície 
610 2 0 |a klienti 
610 2 0 |a dohľad bankový 
610 2 0 |a Veľká Británia 
610 2 0 |a modely 
100 1 |a Korauš, Antonín